000 00583cam a22001811 4500
082 _a624.183412
_bABE
_cL-19,P-51
100 1 _aAbeles, P. W.
_943260
245 1 3 _aAn introduction to prestressed concrete,
_bv.2
_cby Paul W. Abeles.
250 _aVolume 2
260 _aLondon,
_bConcrete Publications
_c[1964-
300 _a v.
_billus.
_c24 cm.
490 0 _aConcrete series
500 _aImprint covered by label: F. Ungar Pub. Co., New York.
526 _a0
_b0
_c0
_d624_183412000000000_ABE
650 0 _aMCE
_9379
650 0 _aPrestressed concrete.
_923341
942 _2ddc
_cBK
999 _c547112
_d547112